000 00265cam a2200109ua 4500
082 _a630.21
_bNOR/AD
100 _aNorman, A. G.
_91723
245 _aAdvances in Agronomy, Vol - 13 /
260 _aNew York :
_bAcademic Press ,
_c1955.
300 _a386 ; .
942 _cBK
999 _c379
_d379